000 00550naa a2200193 4500
001 167789
003 ES-MaBCM
005 20241016191353.0
008 090428s2009 fra|r0p 0 ||fre d
021 _axx
035 _a(OCoLC)1365268763
040 _cES-MaBCM
100 1 _aRozier, Sabine
_940970
245 0 0 _aL'action publique en faveur du mécénat
_cSabine Rozier
650 7 _aMecenazgo
_959373
651 4 _aFrancia
_9115364
773 0 _aEn:
_tLes cahiers français
_dParis
_w104353
_gN. 348 (janv.-fév. 2009), p. 15-19
942 _cAREV
999 _c167789
_d167789